000
00369nam a22001577a 4500
003
MPLRDC
005
20220104123308.0
008
210129b ||||| |||| 00| 0 eng d
082
_a
848.1 LYC-5 c.2
100
_a
刘以鬯著
245
_a
陶瓷
_c
260
_a
_b
香港文学研究社
_c
300
_b
平
650
_a
现代别集
942
_c
BK
_o
848.1 LYC-5 c.2
999
_c
10153
_d
10143